| 000 | 00488nam a2200181 i 4500 | ||
|---|---|---|---|
| 001 | 138754 | ||
| 003 | ES-MaACL | ||
| 005 | 20230906195629.0 | ||
| 007 | t| | ||
| 008 | 070214s1965 sp a |||| | spa d | ||
| 100 | 1 |
_aSanz de Miguel, Pedro. _9103631 |
|
| 245 | 1 | 0 |
_aAjuste y montaje / _cPedro Sanz de Miguel. |
| 250 | _a1ª ed. | ||
| 260 |
_aBarcelona : _bCeac, _c1965. |
||
| 300 |
_a252 p. : _bil. ; _c22 cm. |
||
| 650 | 4 |
_aPráctica de taller. _916334 |
|
| 852 |
_aES-MaACL _jC-28600 |
||
| 999 |
_c138754 _d138754 |
||